000 01078nam a2200313 i 4500
003 EG-GICUC
005 20260307132236.0
008 260307s1968 Le ||||fr|||| 001 0 eng d
040 _aEG-GiCUC
_beng
_cEG-GiCUC
_dEG-GiCUC
_eRda
082 0 4 _221
_a341.280569
_bJO . P
092 0 4 _221
099 _aLaw1 11 341.280569 JO . P 1968
100 1 _aJohn, Robert
_eAuthor.
245 1 4 _aThe Palestine Diary.
_nVolume One /
_cRobert John, Sami Hadawi ; Arnold J. Toynbee.
_b
264 1 _aBeirut :
_bThe Palestine Research Center,
_c1968.
300 _a425page :
_billustration ;
_c 24 cm.
336 _2rda contenu
_a texte
337 _2rda medias
_aOrdinateur
338 _2 transporteur rda
_a Ressource en ligne
504 _aIncludes bibliographical references and index.
546 _aText in English
650 1 4 _aPublic international law
_2
651 1 _2
700 1 _aSami Hadawi
_ejoint author.
700 1 _aToynbee, Arnold J
_epresenter
856 4 0 _uhttps://fll.law.cu.edu.eg/fulltext/bks/B11-08737.pdf
905 _a50
942 _2ddc
_cBK
_e21
_n0
999 _c65578
_d65578